Pests of rice
محفوظ في:
| المؤلف الرئيسي: | |
|---|---|
| التنسيق: | كتاب |
| اللغة: | Undetermined |
| منشور في: |
London
Longman
1969
|
| الموضوعات: | |
| الوسوم: |
إضافة وسم
لا توجد وسوم, كن أول من يضع وسما على هذه التسجيلة!
|
| Thư viện lưu trữ: | Trung tâm Học liệu Trường Đại học Cần Thơ |
|---|
| LEADER | 00421nam a2200169Ia 4500 | ||
|---|---|---|---|
| 001 | CTU_13055 | ||
| 008 | 210402s9999 xx 000 0 und d | ||
| 082 | |a 633.189 | ||
| 082 | |b G869 | ||
| 100 | |a D H Grist | ||
| 245 | 0 | |a Pests of rice | |
| 245 | 0 | |c D H Grist | |
| 260 | |a London | ||
| 260 | |b Longman | ||
| 260 | |c 1969 | ||
| 650 | |a rice - diseases and pests | ||
| 980 | |a Trung tâm Học liệu Trường Đại học Cần Thơ | ||